| 000 | 02138nam1a2200385 i 4500 | ||
|---|---|---|---|
| 001 | RU\NLR\bibl\1259531 | ||
| 005 | 20241114230615.0 | ||
| 035 | _a(NLR Aleph) 001245533 | ||
| 090 |
_a286122 _c286122 |
||
| 100 | _a20080807g20089999u y0rusy50 ca | ||
| 101 | 0 | _arus | |
| 102 | _aRU | ||
| 105 | _a||||g ||||| | ||
| 200 | 1 |
_aМашины для уплотнения дорожных и аэродромных покрытий _iАсфальтоукладчики, дорожные катки и виброплиты _eсправочник _f[Грифф М.И. и др.] _gпод общ. ред. д.т.н., проф. Гриффа М.И. |
|
| 210 |
_aМосква _cИзд-во Ассоциации строительных вузов _d2008 |
||
| 215 | _d28 | ||
| 225 | 1 | _aСтроительные машины мира | |
| 300 | _aНа обороте тит. л. в аннот.: ...первый из серии справочников, периодически подгот. к печати, посвящ. машинам для уплотнения дорожных и аэродромных покрытий | ||
| 463 | 0 | _10011246542 | |
| 463 | 0 | _10011246549 | |
| 463 | 0 | _10011246487 | |
| 606 | 1 |
_aВиброплиты _jСправочники _92520480 _3RU\NLR\auth\661493594 |
|
| 606 |
_aДорожные катки _jСправочники _9893474 _3RU\NLR\auth\663311 |
||
| 606 |
_aМашины для уплотнения дорожных покрытий _jСправочники _92520483 _3RU\NLR\auth\661493595 |
||
| 606 |
_aМашины для уплотнения аэродромных покрытий _jСправочники _92520484 _3RU\NLR\auth\661493596 |
||
| 606 |
_aАсфальтоукладчики _jСправочники _92610096 _3RU\NLR\auth\661546654 |
||
| 686 | _aО513-060.326-5я22 | ||
| 686 | _aО311-060.62-5я22 | ||
| 702 | 1 |
_aГрифф _bМ. И. _gМирон Исаакович _4220 |
|
| 801 | 0 |
_aRU _bNLR _c20080807 _gRCR |
|
| 801 | 1 |
_aRU _bNLR _c20080807 |
|
| 830 | _aсост. по базе | ||
| 852 |
_aNLR _jПт 2008-1/46 |
||
| 942 | _cBOOK | ||